|
|
|
|
| LEADER |
01460nam a2200325 a 4500 |
| 001 |
EBC991922 |
| 003 |
MiAaPQ |
| 005 |
20200520144314.0 |
| 006 |
m o d | |
| 007 |
cr cn||||||||| |
| 008 |
120813s2012 sz sb 000 0 eng d |
| 020 |
|
|
|z 9789221259527
|
| 020 |
|
|
|a 9789221259534 (electronic bk.)
|
| 035 |
|
|
|a (MiAaPQ)EBC991922
|
| 035 |
|
|
|a (Au-PeEL)EBL991922
|
| 035 |
|
|
|a (CaPaEBR)ebr10583460
|
| 035 |
|
|
|a (OCoLC)809769131
|
| 040 |
|
|
|a MiAaPQ
|c MiAaPQ
|d MiAaPQ
|
| 050 |
|
4 |
|a HB2581
|b .S77 2012
|
| 245 |
0 |
0 |
|a Structure, group definitions and correspondence tables
|h [electronic resource].
|
| 260 |
|
|
|a Geneva :
|b International Labour Office,
|c 2012.
|
| 300 |
|
|
|a x, 420 p.
|
| 490 |
0 |
|
|a International standard classification of occupations ;
|v v. 1
|
| 504 |
|
|
|a Includes bibliographical references.
|
| 505 |
0 |
|
|a pt. 1. Introductory and methodological notes -- pt. 2. Structure of the International Standard Classification of Occupation (ISCO-08) -- pt. 3. Definitions of major groups, sub-major groups, minor groups and unit groups -- pt. 4. Correspondence with ISCO-88.
|
| 533 |
|
|
|a Electronic reproduction. Ann Arbor, MI : ProQuest, 2015. Available via World Wide Web. Access may be limited to ProQuest affiliated libraries.
|
| 650 |
|
0 |
|a Occupations
|v Classification.
|
| 655 |
|
4 |
|a Electronic books.
|
| 710 |
2 |
|
|a ProQuest (Firm)
|
| 856 |
4 |
0 |
|u https://ebookcentral.proquest.com/lib/matrademy/detail.action?docID=991922
|z Click to View
|